| 000 | 01331cam a22003737a 4500 | ||
|---|---|---|---|
| 003 | CHAP | ||
| 005 | 20220329133448.0 | ||
| 008 | 971013s1987 r 00010 d | ||
| 010 | _a6647 | ||
| 011 | _a7619 | ||
| 035 | _a6842 | ||
| 040 | _cCHAP | ||
| 082 |
_a972 _bG38 |
||
| 100 | 0 | 0 |
_aGatti, Luis María. _947279 |
| 245 | 1 | 3 |
_aLa costa totonaca _b: cuestiones regionales |
| 260 |
_aMéxico, D.F. : _bCentro de Investigaciones y Estudios Superiores en Antropología Social, _c1987-19 |
||
| 300 | _av. | ||
| 490 | 0 |
_aCuadernos de la casa chata _v; 158 |
|
| 500 | _aLa biblioteca tiene : v.2 | ||
| 590 |
_aBATCH-UPD _b10 _c20130110 _lUCH01 _h1702 |
||
| 590 |
_aBATCH-UPD _b10 _c20130410 _lUCH01 _h1050 |
||
| 590 |
_aBATCH-UPD _b10 _c20130914 _lUCH01 _h1553 |
||
| 590 |
_aCONVERSION _b10 _c20130109 _lUCH01 _h1305 |
||
| 650 | 1 | 4 |
_aIndios de México _xCondiciones sociales. _957626 |
| 650 | 1 | 4 |
_aTierras _xTenencia _xHistoria. _9113171 |
| 650 | 1 | 4 |
_aTierras _xTenencia _xVeracruz. _9113209 |
| 650 | 1 | 4 |
_aTotonacas. _9114360 |
| 700 | 0 |
_aChenaut, Victoria. _922136 |
|
| 830 | 0 |
_aCuadernos de la casa chata _v; 158 _929795 |
|
| 901 | _aBK | ||
| 942 | _cLIBRO | ||
| 949 |
_a972 G38 _bBC _cLIBRO _d33724000281853 _eLIBRO _fv.2 _h85,062 _i6842 _si _t10.00 |
||
| 949 |
_a972 G38 _bBC _cLIBRO _d33724000281861 _eLIBRO _fv.2 c.2 _gI.c/e _h85063 _i6842 _si _t10.00 |
||
| 999 |
_c6647 _d6647 |
||